Statistics for Capital to Country #2

Click here to take the quiz!

General Stats

  • This quiz has been taken 16 times
  • The average score is 15 of 15

Answer Stats

HintAnswer% Correct
IrelandDublin
100%
ScotlandEdinburgh
100%
CubaHavana
100%
AfghanistanKabul
100%
UkraineKiev
100%
PortugalLisbon
100%
EnglandLondon
100%
SpainMadrid
100%
MonacoMonaco
100%
CanadaOttawa
100%
SingaporeSingapore
100%
AlgeriaAlgiers
94%
WalesCardiff
94%
AustriaVienna
94%
Bosnia and HertzegovinaSarajevo
88%

Score Distribution

Percentile by Number Answered

Percent of People with Each Score

Your Score History

You have not taken this quiz